000 00573cam a22002053a 4500
001 45623
003 PGUSA
005 20140828084045.0
008 140510s2014||||xxu|||||s|||||000 | eng d
040 _aPGUSA
_beng
042 _adc
100 1 _aZangwill, Israel,
_d1864-1926
245 1 4 _aThe Old Maids' Club
_h[electronic resource] /
_cIsrael Zangwill
260 _bProject Gutenberg,
_c2014
506 _aPublic domain in the USA.
516 _aElectronic text
830 0 _aProject Gutenberg
_v45623
856 4 0 _uhttp://www.gutenberg.org/ebooks/45623
942 _cEB
999 _c274873
_d274873